00290nam a2200109Ia 4500008004100000100002200041245002900063260004300092650002100135942000700156999001700163190216s9999||||xx |||||||||||||| ||und|| aNamboodiri.A.P.P. 2aA P P Yude Prabanthangal bSahithya Pravarthaka Sahakarana Sangam aMalayalam Essays cBK c26360d26360